Freiheit des Marktes, so der Leitspruch der Reichen, Gerechtigkeit, so der Leitspruch der Armen. <Der> Streik ist ein Kampfimittel der Vergangenheit: Schaffen wir ihn ab.
Neprijateľnosť štrajku v súčasnosti. Viacfunkčnosť človeka. Spoločensky negatívne dôsledky štrajku pracovníkov reklamy. Neprijateľnosť akýchkoľvek prostriedkov boja v súčasných spoločenských štruktúrach. Potreba konsenzu v pracovných sporoch. Súdne riešenie sporov.
Na minha lista:
| Autor principal: | |
|---|---|
| Formato: | Capítulo de Livro |
| Idioma: | alemão |
| Assuntos: | |
| Tags: |
Sem tags, seja o primeiro a adicionar uma tag!
|
MARC
| LEADER | 00000naa a2200000 4500 | ||
|---|---|---|---|
| 001 | r009458 | ||
| 005 | 20221208122833.8 | ||
| 041 | 0 | |a ger | |
| 044 | |a DE | ||
| 245 | 1 | 0 | |a Freiheit des Marktes, so der Leitspruch der Reichen, Gerechtigkeit, so der Leitspruch der Armen. |b <Der> Streik ist ein Kampfimittel der Vergangenheit: Schaffen wir ihn ab. |c M.W. Wilkes |
| 520 | |a Neprijateľnosť štrajku v súčasnosti. Viacfunkčnosť človeka. Spoločensky negatívne dôsledky štrajku pracovníkov reklamy. Neprijateľnosť akýchkoľvek prostriedkov boja v súčasných spoločenských štruktúrach. Potreba konsenzu v pracovných sporoch. Súdne riešenie sporov. | ||
| 610 | 2 | 0 | |a štrajky |
| 610 | 2 | 0 | |a reklama |
| 610 | 2 | 0 | |a pracovníci |
| 610 | 2 | 0 | |a spory pracovné |
| 610 | 2 | 0 | |a súdy pracovné |
| 100 | 1 | |a Wilkes, M.W. | |